<?xml version="1.0" encoding="UTF-8"?>
<marc:record xmlns:marc="http://www.loc.gov/MARC21/slim">
   <marc:leader>00000nam a2200000 a 4500</marc:leader>
   <marc:datafield ind1="1" ind2=" " tag="100">
      <marc:subfield code="a">Staud, Toralf</marc:subfield>
      <marc:subfield code="4">aut</marc:subfield>
      <marc:subfield code="e">Verfasser/-in</marc:subfield>
   </marc:datafield>
   <marc:datafield ind1="1" ind2=" " tag="100">
      <marc:subfield code="a">Radke, Johannes</marc:subfield>
      <marc:subfield code="4">aut</marc:subfield>
      <marc:subfield code="e">Verfasser/-in</marc:subfield>
   </marc:datafield>
   <marc:datafield ind1=" " ind2=" " tag="653">
      <marc:subfield code="a">Rechtsradikalismus</marc:subfield>
   </marc:datafield>
   <marc:datafield ind1=" " ind2=" " tag="653">
      <marc:subfield code="a">Politisches Netzwerk</marc:subfield>
   </marc:datafield>
   <marc:datafield ind1=" " ind2=" " tag="653">
      <marc:subfield code="a">Gesellschaft</marc:subfield>
   </marc:datafield>
   <marc:datafield ind1=" " ind2=" " tag="653">
      <marc:subfield code="a">Wirtschaft</marc:subfield>
   </marc:datafield>
   <marc:datafield ind1="0" ind2="0" tag="245">
      <marc:subfield code="a">Neue Nazis</marc:subfield>
   </marc:datafield>
   <marc:datafield ind1="0" ind2="0" tag="245">
      <marc:subfield code="b">jenseits der NPD: Populisten, Autonome Nationalisten und der Terror von rechts</marc:subfield>
   </marc:datafield>
   <marc:datafield ind1="0" ind2="0" tag="245">
      <marc:subfield code="c">Toralf Staud ; Johannes Radke</marc:subfield>
   </marc:datafield>
   <marc:datafield ind1=" " ind2="1" tag="264">
      <marc:subfield code="a">Köln</marc:subfield>
      <marc:subfield code="b">Kiepenheuer &amp; Witsch</marc:subfield>
      <marc:subfield code="c">2012</marc:subfield>
   </marc:datafield>
   <marc:datafield ind1="1" ind2=" " tag="490">
      <marc:subfield code="a">KiWi</marc:subfield>
      <marc:subfield code="v">1296 : Paperback</marc:subfield>
   </marc:datafield>
   <marc:datafield ind1=" " ind2=" " tag="250">
      <marc:subfield code="a">Orig.-Ausg., 1. Aufl.</marc:subfield>
   </marc:datafield>
   <marc:datafield ind1="1" ind2=" " tag="520">
      <marc:subfield code="a">Angaben aus der Verlagsmeldung

Neue Nazis : Jenseits der NPD: Populisten, Autonome Nationalisten und der Terror von rechts / von Toralf Staud, Johannes Radke

Die extreme Rechte wandelt – und radikalisiert sich
Trotz des Auffliegens der »NSU«-Terrorzelle wird die Gefahr weiter unterschätzt: Die extreme Rechte in Deutschland hat sich in den letzten Jahren zugleich radikalisiert und verbürgerlicht – und die emsige Verbotsdiskussion um die NPD lenkt die Aufmerksamkeit in die falsche Richtung. Mit den »Autonomen Nationalisten« (AN) ist eine junge und äußerst gewaltbereite Neonazi-Strömung entstanden. Sie kopiert den popkulturellen Stil der Linksautonomen und bietet Action, wirkt anziehend auf Jugendliche. Dazu trägt auch die rechte Musikszene bei. Anhänger der AN sind mehrfach mit Vorbereitungen zu Terroranschlägen aufgeflogen. Am gemäßigten Rand der Szene erstarkten die Rechtspopulisten. Gruppen wie »Pro Deutschland« und »Die Freiheit« versuchen mit islamophoben Inhalten an nationalkonservative und bürgerliche Positionen anzuknüpfen – und »die Partei zum Sarrazin-Buch« zu werden. Zwischen diesen Polen wird die früher dominierende NPD womöglich zerrieben.
</marc:subfield>
   </marc:datafield>
   <marc:datafield ind1=" " ind2=" " tag="020">
      <marc:subfield code="a">9783462044553</marc:subfield>
      <marc:subfield code="9">9783462044553</marc:subfield>
   </marc:datafield>
   <marc:datafield ind1=" " ind2=" " tag="020">
      <marc:subfield code="a">3462044559</marc:subfield>
      <marc:subfield code="9">3462044559</marc:subfield>
   </marc:datafield>
   <marc:datafield ind1=" " ind2=" " tag="041">
      <marc:subfield code="a">ger</marc:subfield>
   </marc:datafield>
   <marc:datafield ind1=" " ind2=" " tag="300">
      <marc:subfield code="a">272 S.</marc:subfield>
   </marc:datafield>
</marc:record>
